Édimbourg-des-Sept-Mers — Choix Multiples - Statistiques

Statistiques générales
  • Ce quiz a été pris 16 fois
    12 depuis la dernière actualisation
  • Le résultat moyen est 5 sur 10
Statistiques - réponses
Question Réponse % Correct
En quelle année a-t-elle été découverte par un explorateur portugais ? 1506
63%
Qu'est-ce qui est présent chez eux depuis 2024, alors que ça fait des années que nous l'avons en France ? Internet
63%
Volcan qui culmine sur l'île et qui a déjà entré en éruption Queen Mary's Peak
63%
Sur quel île de l'archipel ce situe elle ? Tristan da Cunha
63%
Qui est ce fameux explorateur portugais ? Tristan da Cunha
63%
Sur quel continent se situe-t-elle ? Afrique
50%
Pays le plus proche de la ville hors territoire outre-mer britannique et île Bouvet Afrique du Sud
50%
Quel est le gentilé des habitants d'Édimbourg des Sept Mers ? Heptathalassoédimbourgeois
38%
Ancien nom de la ville encore utilisé par les insulaires The Settlement
38%
Dans la ville, l'économie est partagée entre les habitants cet-à-dire que... Tous les habitants ont les mêmes heures de travail et de vacances
25%
Aucun quiz correspondant
Distribution des résultats
% des personnes avec chaque résultat
Percentile par nombre de réponses
Votre historique - résultats
Vous n’avez pas pris ce quiz depuis la dernière actualisation